01183nam a2200289 a 4500001001000000003000900010005001700019008004100036040002500077082002300102100004500125245010100170260004500271300002100316590002600337650003800363650002900401650002700430650003900457650004800496650004100544910003700585942001400622952011700636952012300753999001700876000027287DO-SdBNP20260123082523.0090723s1975 dr 001 0 spa d aDO-SdBNPbspacBNPHU 4a370.114bP421e2221 aPepén, Juan F. q (Juan Felix)91317410aEducación de la conducta humana :bprincipios de moral individual y social /cJuan F. Pepén. aSanto Domingo :bAmigo del Hogar,c1975. a201 p. ;c22 cm. aInventariado, 2018/LP 7aEducación moral916072LIBRUNAM 7aCivismo9172292LIBRUNAM 7aÉtica95092LIBRUNAM 7aConducta de vida 9119472LIBRUNAM 7aRelaciones interpersonales9222822LIBRUNAM 0aValores (Filosofía)96042LIBRUNAM aValidado. Control de calidad EMS 2ddccLBS1 0010718PDaPDbPDcHDd2011-03-31iLF1l0o370.114 P421ep27287-10r2020-06-25w2020-06-25yLFPDZNo se presta 0010718PDaPDbPDcHDd2013-09-19iLF1l0o370.114 P421ep27287-20r2020-06-25te. 2w2020-06-25yLFPDZNo se presta c26779d26779